000 00405nam a2200169 i 4500
001 bg
100 1 _aALBERG, Dż.
245 0 _aTeorija splajnov i ee prilożenija /
_cDż. Alberg, E. Nilson, Dż. Ouls.
260 _aMoskva,
_c1972.
700 1 _aNILSON, E.
700 1 _aOULS, Dż.
040 _cBPK
041 _apol
080 _a517
942 _cKS
008 s pl f |000 0 pol
999 _c14632
_d14632
856 _uhttp://koha.tu.koszalin.pl/cgi-bin/koha/opac-detail.pl?biblionumber=14632
_yKatalog online BPK